Flags by partial image - Statistics

General Stats
  • This quiz has been taken 9 times
  • The average score is 15 of 16
Answer Stats
Picture Answer % Correct
Angola
100%
Antigua and Barbuda
100%
Argentina
100%
Jamaica
100%
Micronesia
100%
Mongolia
100%
Suriname
100%
Uzbekistan
100%
Bahamas
89%
Guatemala
89%
Guyana
89%
Mauritania
89%
Namibia
89%
Tuvalu
89%
Sao tome and Principe
78%
South Sudan
78%
No matching quizzes found
Score Distribution
Percent of People with Each Score
Percentile by Number Answered
Your Score History
You have not taken this quiz